Actos y contratos administrativos
Gespeichert in:
| 1. Verfasser: | |
|---|---|
| Format: | Buch |
| Sprache: | Spanisch |
| Veröffentlicht: |
Santiago
LexisNexis
2008
|
| Ausgabe: | 4a. ed |
| Schriftenreihe: | Colección Manuales
|
| Schlagworte: | |
| Tags: |
Tag hinzufügen
Keine Tags, Fügen Sie den ersten Tag hinzu!
|
MARC
| LEADER | 00000nam a2200000 a 4500 | ||
|---|---|---|---|
| 001 | UCI7286 | ||
| 003 | CL-VaPUC | ||
| 008 | 080619e20080000CL |||||||||||||||||spa|d | ||
| 020 | |a 9789562387590 | ||
| 082 | 0 | 4 | |a 342.83066 |b POB |2 21 |
| 100 | 0 | |a Poblete Vinaixa, Julia |e author |9 530462 | |
| 245 | 1 | 0 | |a Actos y contratos administrativos |
| 250 | |a 4a. ed | ||
| 300 | |a 311 p | ||
| 942 | |c BK | ||
| 945 | |d 20080619 00:00:00 |a jtorresc | ||
| 260 | |a Santiago |b LexisNexis |c 2008 | ||
| 650 | 0 | |a Actos administrativos |9 256128 | |
| 650 | 0 | |a Administración pública |9 255343 | |
| 650 | 0 | |a Contratos administrativos |9 256130 | |
| 650 | 0 | |a Derecho administrativo |9 254851 | |
| 583 | |a last modification |c 20080619 00:00:00 |k Rodrigo Vera | ||
| 490 | 0 | |a Colección Manuales | |
| 999 | |c 330609 |d 330607 | ||
| 952 | |0 0 |1 0 |4 0 |6 342_830660000000000_POB_2008 |7 0 |8 A |9 416233 |a BIBDER |b BIBDER |d 2019-11-22 |i 4451155 |o 342.83066 POB 2008 |p 4451155 |r 2023-01-25 |w 2019-11-22 |y BK |k DER | ||